Statistics for 2015 Mathematical Dates - Day +-*/ Month = Year

Click here to take the quiz!

General Stats

  • This quiz has been taken 118 times
  • The average score is 15 of 27

Answer Stats

DATE% Correct
5 Mar 2015
83%
14 Jan 2015
79%
15 Jan 2015
77%
10 May 2015
73%
11 Apr 2015
73%
3 May 2015
73%
13 Feb 2015
72%
12 Mar 2015
70%
9 Jun 2015
69%
7 Aug 2015
68%
5 Oct 2015
63%
6 Sep 2015
63%
8 Jul 2015
63%
16 Jan 2015
58%
4 Nov 2015
58%
3 Dec 2015
55%
17 Feb 2015
54%
18 Mar 2015
49%
19 Apr 2015
46%
20 May 2015
45%
21 Jun 2015
35%
22 Jul 2015
34%
23 Aug 2015
34%
24 Sep 2015
31%
25 Oct 2015
31%
27 Dec 2015
28%
26 Nov 2015
25%

Score Distribution

Percentile by Number Answered

Percent of People with Each Score

Your Score History

You have not taken this quiz